Pracovný poriadok

Pokračovanie článku z predchádzajúceho čísla. Povinnosť zamestnanca dodržiavať pracovnú disciplínu. Závažné a menej závažné porušenie pracovnej disciplíny klasifikované v pracovnom poriadku. Znaky porušenia pracovnej disciplíny, aby toto porušenie mohlo byť právne postihnuteľné. Podmienka platnosti...

Description complète

Enregistré dans:
Détails bibliographiques
Auteur principal: Jendrálová, Anna
Format: Chapitre de livre
Langue:slovaque
Sujets:
Tags: Ajouter un tag
Pas de tags, Soyez le premier à ajouter un tag!

MARC

LEADER 00000naa$a2200000$$$4500
001 0076387
005 20230925075024.8
041 0 |a slo 
044 |a SK 
245 1 0 |a Pracovný poriadok  |c Anna Jendrálová 
520 |a Pokračovanie článku z predchádzajúceho čísla. Povinnosť zamestnanca dodržiavať pracovnú disciplínu. Závažné a menej závažné porušenie pracovnej disciplíny klasifikované v pracovnom poriadku. Znaky porušenia pracovnej disciplíny, aby toto porušenie mohlo byť právne postihnuteľné. Podmienka platnosti pracovného poriadku. Zmena obsahu pracovného poriadku. 
610 2 0 |a poriadok pracovný 
610 2 0 |a disciplína pracovná 
610 2 0 |a zamestnanci 
610 2 0 |a zamestnávatelia 
610 2 0 |a zákonník práce 
610 2 0 |a povinnosti pracovníkov 
100 1 |a Jendrálová, Anna